|
|
|
|
| LEADER |
00000cam a2200000 7i4500 |
| 001 |
0000041338 |
| 005 |
20080410.0 |
| 020 |
|
|
|a 1859742599
|
| 090 |
0 |
0 |
|a 333.7809595
|b BOW
|
| 100 |
1 |
|
|a Bowden, David
|
| 245 |
1 |
0 |
|a Visitor's GuideTaman Negara :
|b Malaysia's premier national park
|c David Bowden
|
| 260 |
|
|
|a London :
|b New Holland Publishers (UK) Ltd. ,
|c 2000
|
| 300 |
|
|
|a 128 p. :
|b ill. ;
|c 21 cm.
|
| 650 |
0 |
0 |
|a National Parks and Reserves
|z Malaysia
|x Guidebooks
|
| 650 |
0 |
0 |
|a National Parks
|z Malaysia
|
| 999 |
|
|
|a 00095514
|b BUKU
|c MALAYSIANA
|e PERPUSTAKAAN KOMUNITI PETALING JAYA
|
| 999 |
|
|
|a 096581
|b BUKU
|c PINJAMAN
|e PERPUSTAKAAN KOMUNITI PETALING JAYA
|
| 999 |
|
|
|a 117049
|b BUKU
|c MALAYSIANA
|e PERPUSTAKAAN KOMUNITI CAW KOTA DAMANSARA
|